000
00284pam a2200133 a 4500
020
_c
041
_a
eng
082
_a
820
_b
WOO
100
_a
Woolf .Le.
245
_a
After The Dluge
_h
Textual Documents
260
_a
New York
_b
Penguin Books Ltd
300
_a
278p.
930
_a
15290
999
_c
92190
_d
92190